000
00340nam a2200145Ia 4500
005
20250603145931.0
008
250603s9999 xx 000 0 und d
020
_a
9789789695041
050
_a
KP 123 .O3/
100
_a
Obot Emmanuel,Obot, ph.D
245
4
_a
The snake is in the court
260
_c
2019
300
_a
164 p
942
_c
BK
999
_c
43287
_d
43287